00749nam a2200181 a 450000100100000000500170001000800410002704000250006810000280009324501480012126000370026930000270030660000280033370000400036170000440040195201050044599900170055000003632920200930075654.0120113s1969 mx 000 0bspa d aDO-SdBNPbspacBNPHU1 aLincoln, Abraham96248810aAbraham Lincoln :bensayos /cAbraham Lincoln ; recopilación e introducción de Don E. Fehrenbacher ; traducido por Luisa María Álvarez. aMéxico :bPax-México,c1969. axxxi, 279 p. ;c21 cm.14aLINCOLN, ABRAHAM9624891 aFehrenbacher, Don E.,ecomp.9624901 aÁlvarez, Luisa María,etrad.947398 001050718MOaGRbGRcCTd2012-01-13iLF1l0o p36330-10r2020-06-25w2020-06-25y1ZNo se presta c35820d35820